Sadenie zákrskov

Bibliographic Details
Main Author: Jablonský, Anton, 1903-1970 (Author)
Format: Article
Language:Slovak

MARC

LEADER 00000nab a2200000uu 4500
001 vtls010912027
003 SK-MaSNL
005 20260303142726.0
008 230222|1941 xo |||||||||||||||||slo|
015 |a SNBRB 
035 |a (urnnbn)urn:nbn:sk:snk:ar-a086kp 
035 |a (uuid)2bf1117a-54e2-433b-a996-b455bfbb1cd2 
035 |a urn:nbn:sk:snk-ab913i 
040 |a SNKBUCL  |b slo  |c SNKBUCL  |e AACR2 
041 0 |a slo 
044 |a xo  |c SK 
100 1 |a Jablonský, Anton,  |d 1903-1970  |4 aut  |9 120469 
245 1 0 |a Sadenie zákrskov  |c Anton Jablonský 
773 0 |t Slovenské ovocinárstvo : odborný časopis pre povznesenie ovocinárstva, vinohradníctva a záhradníctva : orgán Slovenskej ovocinárskej spoločnosti a jej odbočiek  |g Roč. 18, č. 401-402 (1941), s. 2-4 
954 |a odborná, vedecká literatúra pôvodná (slovenská)  |2 lita 
958 |a OND 
958 |a EUIPO 
958 |a article10 
999 |c 1985656  |d 1987586